000 00938nam a2200253 a 4500
001 000028663
005 20260521100706.0
008 110411s1996 dr ac 001 0 spa d
040 _aDO-SdBNP
_bspa
_cBNPHU
082 _a720.28
_bR893t
100 1 _aRozas Aristy, Eduardo
_937777
245 1 0 _aTeoría del diseño arquitectónico /
_cEduardo Rozas Aristy.
260 _aSanto Domingo :
_bUniversidad Autónoma de Santo Domingo :,
_c1996.
300 _a148 P. ;
_c28 cm.
490 1 _aPublicaciones de la Universidad Autónoma de Santo Domingo
_v784
490 1 _aCiencia y tecnología
_v28
650 0 _aDiseño arquitectónico
_91824
650 4 _aArquitectura
_xAspectos psicológicos
_955632
650 4 _aArquitectura
_xHistoria
_941900
830 _aPublicaciones de la Universidad Autónoma de Santo Domingo
_v784
_952
830 0 _aCiencia y tecnología
_n8
_955633
910 _aValidado. Control de la calidad
049 _aBNPD
999 _c28155
_d28155